Dynamic effects in Greek manufacturing : the changing shares of SMEs, 1983-1990

Αποθηκεύτηκε σε:
Λεπτομέρειες βιβλιογραφικής εγγραφής
Κύριος συγγραφέας: Θωμαδάκης, Σταύρος Β.
Συγγραφή απο Οργανισμό/Αρχή: Κέντρο Προγραμματισμού και Οικονομικών Ερευνών
Άλλοι συγγραφείς: Δρουκόπουλος, Βασίλης
Μορφή: Βιβλίο
Γλώσσα:English
Δημοσίευση: Αθήνα : Κέντρο Προγραμματισμού και Οικονομικών Ερευνών, 1995
Σειρά:Εργασίες για συζήτηση = Discussion papers ; ; 45
Θέματα:
Ετικέτες: Προσθήκη ετικέτας
Δεν υπάρχουν, Καταχωρήστε ετικέτα πρώτοι!

MARC

LEADER 00000cam a2200000 i 4500
001 1/1777
008 950718s1995 eng d
035 |l 10014572 
040 |a GR-MY-UA  |b gre  |e aacr 
041 0 |a eng 
082 0 |a 338.476709495 
100 1 |a Θωμαδάκης, Σταύρος Β. 
245 1 0 |a Dynamic effects in Greek manufacturing :  |b the changing shares of SMEs, 1983-1990 /  |c Stavros Thomadakis, Vassilis Droucopoulos ; Κέντρο Προγραμματισμού και Οικονομικών Ερευνών 
260 |a Αθήνα :   |b Κέντρο Προγραμματισμού και Οικονομικών Ερευνών,   |c 1995 
300 |a 38 p.  |b tables 
490 1 |a Εργασίες για συζήτηση  |v ; 45 
504 |a Includes bibliographical references 
650 0 0 |a Manufacturing industries  |z Greece. 
700 1 |a Δρουκόπουλος, Βασίλης. 
710 2 |a Κέντρο Προγραμματισμού και Οικονομικών Ερευνών. 
830 0 |a Εργασίες για συζήτηση = Discussion papers ;  |v ; 45 
852 |a INST  |b LESVOS  |e 19950718  |h 338.476709495 ΘΩΜ  |p 005100007725  |q 005100007725  |t BK  |y 0 
909 |a Λ  |b 042501 
970 |z 2000/05/ΟΙΚΟΝΟΜΟΠΟΥΛΟΥ ΧΡΙΣΤΙΝΑ